Financial accounting simplified/ (Record no. 30567)
[ view plain ]
| 000 -LEADER | |
|---|---|
| fixed length control field | 00502nam a22001697a 4500 |
| 008 - FIXED-LENGTH DATA ELEMENTS--GENERAL INFORMATION | |
| fixed length control field | 190926b ||||| |||| 00| 0 eng d |
| 020 ## - INTERNATIONAL STANDARD BOOK NUMBER | |
| International Standard Book Number | 9789966287786 |
| 040 ## - CATALOGING SOURCE | |
| Original cataloging agency | MksU |
| 050 ## - LIBRARY OF CONGRESS CALL NUMBER | |
| Classification number | HF5661 |
| Item number | .S25 1991 |
| 100 ## - MAIN ENTRY--PERSONAL NAME | |
| Personal name | Salemi, Nisar Ahmad |
| 245 ## - TITLE STATEMENT | |
| Title | Financial accounting simplified/ |
| 250 ## - EDITION STATEMENT | |
| Edition statement | East Africa edition |
| 260 ## - PUBLICATION, DISTRIBUTION, ETC. (IMPRINT) | |
| Place of publication, distribution, etc. | Nairobi |
| Name of publisher, distributor, etc. | Saleemi Publication |
| Date of publication, distribution, etc. | 1991 |
| 300 ## - PHYSICAL DESCRIPTION | |
| Extent | 494 p. : |
| Other physical details | ill. ; |
| Dimensions | 21cm |
| 650 ## - SUBJECT ADDED ENTRY--TOPICAL TERM | |
| Topical term or geographic name as entry element | Accounting |
| 942 ## - ADDED ENTRY ELEMENTS (KOHA) | |
| Source of classification or shelving scheme | |
| Koha item type | Short Loan Books |
| Classification part | HF5661 .S25 1991 |
| Withdrawn status | Lost status | Source of classification or shelving scheme | Damaged status | Not for loan | Home library | Current library | Shelving location | Date acquired | Source of acquisition | Cost, normal purchase price | Total Checkouts | Full call number | Barcode | Date last seen | Date last checked out | Price effective from | Koha item type | Total Renewals |
|---|---|---|---|---|---|---|---|---|---|---|---|---|---|---|---|---|---|---|
| MACHAKOS UNIVERSITY LIBRARY | MACHAKOS UNIVERSITY LIBRARY | Short Loan | 26/09/2019 | Purchase | 1334.00 | 60 | HF5661 .S25 1991 | 23108 | 25/03/2026 | 25/03/2026 | 26/09/2019 | Short Loan Books | ||||||
| MACHAKOS UNIVERSITY LIBRARY | MACHAKOS UNIVERSITY LIBRARY | Short Loan | 26/09/2019 | Purchase | 1334.00 | 72 | HF5661 .S25 1991 | 23109 | 27/02/2026 | 27/02/2026 | 26/09/2019 | Short Loan Books | ||||||
| MACHAKOS UNIVERSITY LIBRARY | MACHAKOS UNIVERSITY LIBRARY | Short Loan | 26/09/2019 | Purchase | 1334.00 | 58 | HF5661 .S25 1991 | 23110 | 16/03/2026 | 16/03/2026 | 26/09/2019 | Short Loan Books | 1 |